[Event "Samara Polugaevsky Memorial 5th"]
[Site "Samara"]
[Date "2015.07.06"]
[Round "4"]
[White "Papin, Vasily"]
[Black "Vlasov, Igor"]
[Result "1-0"]
[WhiteElo "2500"]
[BlackElo "2232"]
[PlyCount "55"]
[EventDate "2015.07.03"]
[EventType "swiss"]
[EventRounds "9"]
[EventCountry "RUS"]
[SourceTitle "EXT 2017"]
[Source "ChessBase"]
[SourceDate "2016.10.25"]
[SourceVersion "1"]
[SourceVersionDate "2016.10.25"]
[SourceQuality "1"]

1. d4 f5 2. g3 Nf6 3. Bg2 g6 4. c4 Bg7 5. Nc3 0-0 6. Nh3 d6 7. d5 c6 8. 0-0 e5 9. dxe6 Bxe6 10. Qb3 Qe7 11. Ng5 Bf7 12. Rd1 Na6 13. Bf4 Ne8 14. Nxf7 Rxf7 15. Qa3 Qe6 16. Bxc6 bxc6 17. Qxa6 Rb8 18. Qxc6 Rxb2 19. Nd5 Rxe2 20. Rab1 Qe4 21. Rb8 Rf8 22. Rb7 Qc2 23. Ne3 Qxa2 24. Bxd6 Nxd6 25. Qxd6 Qa5 26. Kf1 Ra2 27. Qe6+ Kh8 28. Rxg7 1-0

[Event "Kemerovo-ch"]
[Site "Kemerovo"]
[Date "2014.04.23"]
[Round "7"]
[White "Zakharov, Sergei D"]
[Black "Vlasov, Igor"]
[Result "0-1"]
[WhiteElo "2221"]
[BlackElo "2240"]
[PlyCount "76"]
[EventDate "2014.04.02"]
[EventType "swiss"]
[EventRounds "9"]
[EventCountry "RUS"]
[SourceTitle "CBM 160 Extra"]
[Source "ChessBase"]
[SourceDate "2014.07.01"]
[SourceVersion "1"]
[SourceVersionDate "2014.07.01"]
[SourceQuality "1"]

1. e4 c6 2. d4 d5 3. e5 Na6 4. c3 Nc7 5. f4 g6 6. Bd3 h5 7. Nd2 Nh6 8. Ndf3 Bg4 9. h3 Bf5 10. Ne2 e6 11. Be3 Be7 12. Bf2 h4 13. Bxf5 Nxf5 14. Qb3 Qc8 15. g3 hxg3 16. Nxg3 a5 17. Nxf5 exf5 18. h4 Ne6 19. Bg3 a4 20. Qd1 Rh5 21. Kf2 Kf8 22. Qd3 Kg7 23. b3 b5 24. c4 bxc4 25. bxc4 Qa6 26. Rac1 Rb8 27. Qc3 Rb4 28. cxd5 cxd5 29. Rhd1 Qb6 30. Ke3 Rh8 31. Qc6 Qd8 32. Rc2 Bxh4 33. Bxh4 Rxh4 34. Qd6 Qxd6 35. exd6 Rh3 36. Kf2 Rb6 37. d7 Rd6 38. Ne5 Rh2+ 0-1